000 00788nam a2200265Ia 4500
003 OSt
005 20221006160147.0
006 a|||||r|||| 00| 0
007 ta
008 221006b |||||||| |||| 00| 0 eng d
020 _a9788988095645
_c
_18.63
024 _a44,486
037 _bGift, KCC (Window on Korea)
_cTextual
040 _aEASL
_cEASL
_beng
041 _2eng
_aeng
082 _aO495,348, N4
100 _aYi Mun-Yol
_9647419
245 0 _aAppointment with my brother
260 _aSeoul
_bJimoondang
_c2002
300 _a111p.
_ccm.
490 _v KEL
_a(Short fiction) The portable library of Korean literature No.13
650 _aKEL
942 _hO495,348, N4
_cTEXL
_2CC
999 _c1112578
_d1112578